|
|
|
|
| LEADER |
00000nam0a2200000 4500 |
| 001 |
12638 |
| 005 |
20231101204835.0 |
| 010 |
|
|
|a 5876230278
|
| 035 |
|
|
|a (RuTPU)RU\TPU\book\12717
|
| 035 |
|
|
|a BOOK00012783
|
| 090 |
|
|
|a 12638
|
| 100 |
|
|
|a 20011209d1999 m y0rusy50 ca
|
| 101 |
0 |
|
|a rus
|
| 102 |
|
|
|a RU
|
| 105 |
|
|
|a y j 000zy
|
| 200 |
1 |
|
|a Металловедение и термическая обработка цветных металлов и сплавов
|e учебник
|f Б. А. Колачев, В. И. Елагин, В. А. Ливанов
|
| 205 |
|
|
|a 3-е изд., перераб. и доп.
|
| 210 |
|
|
|a Москва
|c МИСиС
|d 1999
|
| 215 |
|
|
|a 416 с.
|
| 451 |
|
1 |
|0 (RuTPU)RU\TPU\book\69866
|y 5-87623-027-8
|t Металловедение и термическая обработка цветных металлов и сплавов
|o учебник для вузов
|f Б. А. Колачев, В. И. Елагин, В. А. Ливанов
|e 3-е изд., перераб. и доп.
|c М.
|n МИСиС
|d 2001
|p 413 с.
|a Колачев, Борис Александрович
|
| 451 |
|
1 |
|0 (RuTPU)RU\TPU\book\77457
|t Металловедение и термическая обработка цветных металлов и сплавов
|o учебное пособие для вузов
|f Б. А. Колачев, В. А. Ливанов, В. И. Елагин
|e 2-е изд., испр. и доп.
|c М.
|n Металлургия
|d 1981
|p 414 с.
|a Колачев, Борис Александрович
|
| 606 |
1 |
|
|a Цветные металлы
|x Металловедение
|2 stltpush
|3 (RuTPU)RU\TPU\subj\17848
|9 43409
|
| 606 |
1 |
|
|a Цветные металлы
|x Термическая обработка
|2 stltpush
|3 (RuTPU)RU\TPU\subj\17882
|9 43442
|
| 610 |
1 |
|
|a цветные сплавы
|
| 610 |
1 |
|
|a учебники
|
| 675 |
|
|
|a 669.2.017(075.8)
|v 3
|
| 675 |
|
|
|a 669.2:621.78(075.8)
|v 3
|
| 700 |
|
1 |
|a Колачев
|b Б. А.
|g Борис Александрович
|
| 701 |
|
1 |
|a Елагин
|b В. И.
|g Виктор Игнатович
|
| 701 |
|
1 |
|a Ливанов
|b В. А.
|g Владимир Александрович
|
| 801 |
|
0 |
|a RU
|b 63413507
|c 20011209
|g PSBO
|
| 801 |
|
2 |
|a RU
|b 63413507
|c 20160610
|g PSBO
|
| 900 |
|
|
|a Термическая и химико-термическая обработка металлов
|
| 942 |
|
|
|c BK
|